[Event "AUTO-INT-3922"]
[Site "http://www.queenalice.com/game.php?id=1853688"]
[Date "2025.3.10"]
[Round "1"]
[White "eloy"]
[Black "Rocio"]
[Result "1-0"]
[WhiteElo "1665"]
[BlackElo "1498"]

1. e4 e5 2. Nf3 Nc6 3. Bc4 h6 4. c3 a6 5. d4 Nf6 6. dxe5 Nxe4 7. a4 Bc5 8. Be3
Be7 9. Nbd2 Nxf2 10. Bxf2 Na5 11. h3 c6 12. Ba2 O-O 13. O-O d5 14. exd6 Bxd6 15.
Nh4 c5 16. Ng6 Re8 17. Qf3 Kh7 18. Qxf7 Be6 19. Bxe6 Re7 20. Nxe7 Bxe7 21. Ne4
Nc6 22. Be3 Ne5 23. Qf5+ Ng6 24. Bf7 Qf8 25. Qxg6+ Kh8 26. Bd5 Rd8 27. Rxf8+
Bxf8 28. c4 Rd7 29. Nf6 Rd6 30. Qh7# 1-0

[Event "AUTO-INT-3922"]
[Site "http://www.queenalice.com/game.php?id=1853695"]
[Date "2025.3.10"]
[Round "1"]
[White "johnew"]
[Black "eloy"]
[Result "1-0"]
[WhiteElo "1940"]
[BlackElo "1602"]

1. e4 e5 2. Nf3 Nc6 3. Bb5 f6 4. O-O Nge7 5. d4 exd4 6. Nxd4 a6 7. Bc4 b5 8. Bb3
Na5 9. a4 Nxb3 10. Nxb3 b4 11. Be3 Nc6 12. f4 Bd6 13. e5 fxe5 14. fxe5 Bxe5 15.
Qd5 Bxb2 16. Qf7# 1-0

[Event "AUTO-INT-3922"]
[Site "http://www.queenalice.com/game.php?id=1853696"]
[Date "2025.3.10"]
[Round "1"]
[White "eloy"]
[Black "johnew"]
[Result "0-1"]
[WhiteElo "1641"]
[BlackElo "2103"]

1. e4 c5 2. Nf3 Nc6 3. Bc4 e6 4. c3 Nf6 5. d3 Be7 6. h3 d5 7. exd5 exd5 8. Bb5
O-O 9. O-O Qc7 10. c4 d4 11. a3 Bf5 12. b4 cxb4 13. axb4 Bxb4 14. Ba3 Bxa3 15.
Nxa3 Rad8 16. Nh4 Be6 17. Ba4 a6 18. Qf3 Ne7 19. Rae1 Nd7 20. Qg3 Qxg3 21. fxg3
Nc5 22. Bc2 Nc6 23. Nf5 g6 24. Nh6+ Kg7 25. Ng4 Bxg4 26. hxg4 Nb4 27. Bb1 Ncxd3
28. Rd1 Ne5 29. Be4 Nxg4 30. Rb1 a5 31. Bxb7 d3 32. Bf3 Ne3 33. Rf2 d2 34. Bd5
d1=Q+ 35. Rxd1 Nxd1 36. Rd2 Nxd5 37. cxd5 Ne3 38. d6 Rfe8 39. Nb5 Nc4 40. Rd4
Nxd6 41. Nxd6 Re5 42. Nf5+ Rxf5 43. Rxd8 Rb5 44. Ra8 Rb1+ 45. Kh2 Ra1 46. g4 h6
0-1

[Event "AUTO-INT-3893"]
[Site "http://www.queenalice.com/game.php?id=1854340"]
[Date "2025.3.21"]
[Round "2"]
[White "ThiagoBrumN"]
[Black "eloy"]
[Result "1-0"]
[WhiteElo "1688"]
[BlackElo "1672"]

1. e4 e5 2. Nf3 Nc6 3. Bc4 h6 4. O-O Nf6 5. Nc3 Bc5 6. a3 a6 7. Re1 d6 8. b4 Bb6
9. Nd5 Ng4 10. d4 Nxd4 11. c3 1-0

[Event "AUTO-INT-3893"]
[Site "http://www.queenalice.com/game.php?id=1854341"]
[Date "2025.3.21"]
[Round "2"]
[White "eloy"]
[Black "ThiagoBrumN"]
[Result "0-1"]
[WhiteElo "1652"]
[BlackElo "1783"]

1. e4 e5 2. Nf3 Nc6 3. Nc3 Nf6 4. Bb5 Be7 5. Bxc6 dxc6 6. Nxe5 O-O 7. h3 Re8 8.
d4 Bb4 9. O-O Bd6 10. Bg5 Bxe5 11. dxe5 Qxd1 12. Raxd1 Nd7 13. f4 h6 14. Bh4 Nb6
15. Rd8 Rxd8 16. Bxd8 Bxh3 17. gxh3 Rxd8 18. b3 Rd2 19. Rc1 Nd7 20. a4 a6 21. a5
Kh7 22. b4 c5 23. Nd5 c6 24. Nb6 Nxb6 25. axb6 cxb4 26. f5 Re2 27. c3 b3 28. Kf1
Rh2 29. Kg1 Rc2 30. Rb1 Rxc3 0-1

[Event "AUTO-INT-3893"]
[Site "http://www.queenalice.com/game.php?id=1854344"]
[Date "2025.3.21"]
[Round "2"]
[White "eloy"]
[Black "Anusha"]
[Result "1-0"]
[WhiteElo "1614"]
[BlackElo "1393"]

1. e4 e6 2. Nf3 d5 3. exd5 exd5 4. d4 Nc6 5. Nc3 Bg4 6. Bb5 Bb4 7. Bd2 Ne7 8. h3
Bh5 9. a3 Ba5 10. O-O Bxc3 11. Bxc3 O-O 12. Qe2 Re8 13. Qd2 Bxf3 14. gxf3 a6 15.
Ba4 1-0

[Event "AUTO-INT-3893"]
[Site "http://www.queenalice.com/game.php?id=1854345"]
[Date "2025.3.21"]
[Round "2"]
[White "Anusha"]
[Black "eloy"]
[Result "0-1"]
[WhiteElo "1401"]
[BlackElo "1606"]

1. d4 d5 2. Bf4 Nf6 3. e3 Nc6 4. c3 Bf5 5. Nd2 e6 6. h3 Bd6 7. Bxd6 Qxd6 8. Ngf3
h6 9. Bb5 a6 10. Ba4 b5 11. Bc2 O-O 12. O-O b4 13. Bxf5 exf5 14. c4 dxc4 15.
Nxc4 Qd5 16. Rc1 Na5 0-1

[Event "AUTO-INT-3920"]
[Site "http://www.queenalice.com/game.php?id=1860707"]
[Date "2025.7.28"]
[Round "2"]
[White "eloy"]
[Black "Erlofabr"]
[Result "0-1"]
[WhiteElo "1589"]
[BlackElo "1604"]

1. e4 e5 2. Nf3 f5 3. Nc3 Nf6 4. d3 c6 5. Bg5 d5 6. exd5 cxd5 7. d4 e4 8. Nd2 h6
9. Bf4 Nc6 10. Nb5 Qb6 0-1

[Event "AUTO-INT-3920"]
[Site "http://www.queenalice.com/game.php?id=1860710"]
[Date "2025.7.28"]
[Round "2"]
[White "johnew"]
[Black "eloy"]
[Result "1-0"]
[WhiteElo "2176"]
[BlackElo "1529"]

1. e4 e5 2. Nf3 Nc6 3. Bb5 Bd6 4. O-O Nf6 5. Nc3 a6 6. Ba4 b5 7. Bb3 Bb7 8. Qe2
O-O 9. d3 h6 10. h3 Nd4 11. Nxd4 exd4 12. Nb1 Be5 13. f4 1-0

[Event "AUTO-INT-3920"]
[Site "http://www.queenalice.com/game.php?id=1860711"]
[Date "2025.7.28"]
[Round "2"]
[White "eloy"]
[Black "johnew"]
[Result "0-1"]
[WhiteElo "1527"]
[BlackElo "2177"]

1. e4 c5 2. Nf3 Nc6 3. Bc4 e6 4. Nc3 Nf6 5. d3 Be7 6. Bf4 a6 7. h3 O-O 8. a4 d5
9. exd5 exd5 10. Bb3 Be6 11. O-O h6 12. d4 c4 13. Ba2 Bd6 0-1

[Event "AUTO-INT-3943"]
[Site "http://www.queenalice.com/game.php?id=1862457"]
[Date "2025.9.2"]
[Round "1"]
[White "Jomaley"]
[Black "eloy"]
[Result "0-1"]
[WhiteElo "1377"]
[BlackElo "1548"]

1. e4 e5 2. d3 Nf6 3. Bg5 h6 4. Bxf6 Qxf6 5. Nc3 Bb4 6. a3 Bc5 7. f3 Nc6 8. Nd5
Qh4+ 9. g3 Qd8 10. Bh3 O-O 0-1